00629nam a2200157 a 450000100100000000500170001000800410002702000150006804000250008310000340010824501280014226000520027030000210032295201110034399900170045400003965620201002033649.0130715s2001 xxu 000 0 spa d a0826213537 aDO-SdBNPbspacBNPHU1 aGraham, John T.d1928-96584610aThe social thought of Ortega y Gasset :ba systematic synthesis in postmodernism and interdisciplinarity /cJohn T. Graham. aColumbia :bUniversity of Missori Press,c2001. a529 p. ;c25 cm. 001054708MOaGRbGRcCTd2013-07-15iLF1l0o p39656-10r2020-06-25w2020-06-25y4ZPréstamo en sala c39146d39146